<?xml version="1.0" encoding="UTF-8"?>
<record
    xmlns:xsi="http://www.w3.org/2001/XMLSchema-instance"
    xsi:schemaLocation="http://www.loc.gov/MARC21/slim http://www.loc.gov/standards/marcxml/schema/MARC21slim.xsd"
    xmlns="http://www.loc.gov/MARC21/slim">

  <leader>02961njm a2200445Ia 4500</leader>
  <controlfield tag="001">23840</controlfield>
  <controlfield tag="003">IT-RoPAU</controlfield>
  <controlfield tag="005">20220918181123.0</controlfield>
  <controlfield tag="008">131025s9999    xx            000 0 und d</controlfield>
  <datafield tag="040" ind1=" " ind2=" ">
    <subfield code="a">IT-RoPAU</subfield>
  </datafield>
  <datafield tag="040" ind1=" " ind2=" ">
    <subfield code="c">IT-RoPAU</subfield>
  </datafield>
  <datafield tag="999" ind1=" " ind2=" ">
    <subfield code="c">99961</subfield>
    <subfield code="d">99961</subfield>
  </datafield>
  <datafield tag="999" ind1=" " ind2=" ">
    <subfield code="b">n.d.</subfield>
  </datafield>
  <datafield tag="100" ind1=" " ind2=" ">
    <subfield code="a">AA.VV.</subfield>
    <subfield code="9">794</subfield>
  </datafield>
  <datafield tag="100" ind1=" " ind2=" ">
    <subfield code="e">Autore musica</subfield>
    <subfield code="9">6499</subfield>
  </datafield>
  <datafield tag="100" ind1=" " ind2=" ">
    <subfield code="g">Codice autore musica SPICS: 12000</subfield>
    <subfield code="9">796</subfield>
  </datafield>
  <datafield tag="245" ind1=" " ind2=" ">
    <subfield code="a">Film Themes vol. 12 (Lp Vpas 927)</subfield>
  </datafield>
  <datafield tag="250" ind1=" " ind2=" ">
    <subfield code="a">1a ed.</subfield>
  </datafield>
  <datafield tag="260" ind1=" " ind2=" ">
    <subfield code="a">MILANO</subfield>
  </datafield>
  <datafield tag="260" ind1=" " ind2=" ">
    <subfield code="b">VEDETTE RECORDS</subfield>
    <subfield code="c">1974 [1a Ed.:1974]</subfield>
  </datafield>
  <datafield tag="300" ind1=" " ind2=" ">
    <subfield code="a">DISCO</subfield>
  </datafield>
  <datafield tag="500" ind1=" " ind2=" ">
    <subfield code="a">Colonna sonora. Musiche da film.</subfield>
  </datafield>
  <datafield tag="505" ind1=" " ind2=" ">
    <subfield code="a">Dune Buggy From the Film altrimenti ci arrabbiamo - Love Theme - Mame Theme From the Film - Tubular Bells (From the Film the Exorcist) - Super Roll - Way We Were (The) Come eravamo - Colonel Bogey From the Film the Bridge On the River Kwai - Ultima neve di primavera Theme From the Film - Beyond Tomorrow Love Theme From the Film Serpico - A Touch of Class Theme From the Film - Summer Morning - Lucky Guy</subfield>
  </datafield>
  <datafield tag="650" ind1=" " ind2=" ">
    <subfield code="a">COLONNE SONORE [DISCHI]</subfield>
    <subfield code="e">Codice MATERIA SPICS: 9950</subfield>
    <subfield code="9">1905</subfield>
  </datafield>
  <datafield tag="700" ind1=" " ind2=" ">
    <subfield code="a">Duncan Starkey</subfield>
    <subfield code="d">Codice autore musica SPICS: 13939</subfield>
    <subfield code="e">Autore musica</subfield>
    <subfield code="p">Dune Buggy From the Film altrimenti ci arrabbiamo</subfield>
    <subfield code="9">6500</subfield>
  </datafield>
  <datafield tag="700" ind1=" " ind2=" ">
    <subfield code="a">De Angelis Guido</subfield>
    <subfield code="d">Codice autore SPICS: 10854</subfield>
    <subfield code="e">Autore</subfield>
    <subfield code="p">Dune Buggy From the Film altrimenti ci arrabbiamo</subfield>
    <subfield code="9">6501</subfield>
  </datafield>
  <datafield tag="700" ind1=" " ind2=" ">
    <subfield code="a">De Angelis Maurizio</subfield>
    <subfield code="d">Codice autore testo/musica SPICS: 10855</subfield>
    <subfield code="e">Autore testo/musica</subfield>
    <subfield code="p">Dune Buggy From the Film altrimenti ci arrabbiamo</subfield>
    <subfield code="9">6502</subfield>
  </datafield>
  <datafield tag="700" ind1=" " ind2=" ">
    <subfield code="a">White Barry</subfield>
    <subfield code="d">Codice autore musica SPICS: 13940</subfield>
    <subfield code="e">Autore musica</subfield>
    <subfield code="p">Love Theme</subfield>
    <subfield code="9">6503</subfield>
  </datafield>
  <datafield tag="700" ind1=" " ind2=" ">
    <subfield code="a">Herman Jerry</subfield>
    <subfield code="d">Codice autore musica SPICS: 10948</subfield>
    <subfield code="e">Autore musica</subfield>
    <subfield code="p">Mame Theme From the Film</subfield>
    <subfield code="9">6504</subfield>
  </datafield>
  <datafield tag="700" ind1=" " ind2=" ">
    <subfield code="a">Oldfield Mike</subfield>
    <subfield code="d">Codice autore musica SPICS: 8107</subfield>
    <subfield code="e">Autore musica</subfield>
    <subfield code="p">Tubular Bells (From the Film the Exorcist)</subfield>
    <subfield code="9">6505</subfield>
  </datafield>
  <datafield tag="700" ind1=" " ind2=" ">
    <subfield code="a">Tical H.</subfield>
    <subfield code="d">Codice autore musica SPICS: 13941</subfield>
    <subfield code="e">Autore musica</subfield>
    <subfield code="p">Super Roll - Summer Morning</subfield>
    <subfield code="9">6506</subfield>
  </datafield>
  <datafield tag="700" ind1=" " ind2=" ">
    <subfield code="a">Bergman H.</subfield>
    <subfield code="d">Codice autore musica SPICS: 13942</subfield>
    <subfield code="e">Autore musica</subfield>
    <subfield code="p">Way We Were (The) dal film Come eravamo</subfield>
    <subfield code="9">6507</subfield>
  </datafield>
  <datafield tag="700" ind1=" " ind2=" ">
    <subfield code="a">Bergman M.</subfield>
    <subfield code="d">Codice autore SPICS: 13943</subfield>
    <subfield code="e">Autore</subfield>
    <subfield code="p">Way We Were (The) dal film Come eravamo</subfield>
    <subfield code="9">6508</subfield>
  </datafield>
  <datafield tag="700" ind1=" " ind2=" ">
    <subfield code="a">Alford K.J.</subfield>
    <subfield code="d">Codice autore musica SPICS: 13944</subfield>
    <subfield code="e">Autore musica</subfield>
    <subfield code="p">Colonel Bogey From the Film the Bridge On the River Kwai</subfield>
    <subfield code="9">6509</subfield>
  </datafield>
  <datafield tag="700" ind1=" " ind2=" ">
    <subfield code="a">Micalizzi F.</subfield>
    <subfield code="d">Codice autore musica SPICS: 13945</subfield>
    <subfield code="e">Autore musica</subfield>
    <subfield code="p">Ultima neve di primavera Theme From the Film</subfield>
    <subfield code="9">6510</subfield>
  </datafield>
  <datafield tag="700" ind1=" " ind2=" ">
    <subfield code="a">Kusik L.</subfield>
    <subfield code="d">Codice autore musica SPICS: 23764</subfield>
    <subfield code="e">Autore musica</subfield>
    <subfield code="p">Beyond Tomorrow Love Theme From the Film Serpico</subfield>
    <subfield code="9">6511</subfield>
  </datafield>
  <datafield tag="700" ind1=" " ind2=" ">
    <subfield code="a">Theodorakis Mikis</subfield>
    <subfield code="d">Codice autore SPICS: 11170</subfield>
    <subfield code="e">Autore</subfield>
    <subfield code="p">Beyond Tomorrow Love Theme From the Film Serpico</subfield>
    <subfield code="9">6512</subfield>
  </datafield>
  <datafield tag="700" ind1=" " ind2=" ">
    <subfield code="a">Cahn Sammy</subfield>
    <subfield code="d">Codice autore musica SPICS: 13947</subfield>
    <subfield code="e">Autore musica</subfield>
    <subfield code="p">A Touch of Class Theme From the Film</subfield>
    <subfield code="9">6513</subfield>
  </datafield>
  <datafield tag="700" ind1=" " ind2=" ">
    <subfield code="a">Barrie G.</subfield>
    <subfield code="d">Codice autore SPICS: 13948</subfield>
    <subfield code="e">Autore</subfield>
    <subfield code="p">A Touch of Class Theme From the Film</subfield>
    <subfield code="9">6514</subfield>
  </datafield>
  <datafield tag="942" ind1=" " ind2=" ">
    <subfield code="c">MD</subfield>
    <subfield code="2">ddc</subfield>
  </datafield>
  <datafield tag="952" ind1=" " ind2=" ">
    <subfield code="0">0</subfield>
    <subfield code="1">0</subfield>
    <subfield code="4">0</subfield>
    <subfield code="6">23840_000000000000000</subfield>
    <subfield code="7">1</subfield>
    <subfield code="a">SPICS</subfield>
    <subfield code="b">SPICS</subfield>
    <subfield code="d">2013-10-25</subfield>
    <subfield code="l">0</subfield>
    <subfield code="o">23840</subfield>
    <subfield code="r">2013-10-25 00:00:00</subfield>
    <subfield code="w">2013-10-25</subfield>
    <subfield code="y">MD</subfield>
    <subfield code="z">Progr. Ins.: 4687 / N.Vol.: 1 / Copie: 1 - Copia rara: n.d. / date import: 01.01.2014 - By Epidotti, Trombetti, Vaglietti</subfield>
  </datafield>
</record>
